000 00537nam a2200181Ia 4500
008 090123s9999 xx 000 0 und d
082 _b38710
100 _aतेंडुलकर नलिनी
245 _aसाक्षी
250 _a1
260 _bपार्टनर पब्लिकेशन
_c2005
300 _a156
600 _aतेंडुलकर नलिनी
630 _aसाक्षी
700 _aतेंडुलकर नलिनी
730 _aसाक्षी
942 _cBOOK
999 _c76780
_d76780